Stolice prowincji Chińskiej Republiki Ludowej - Statystyki

Ogólne statystyki
  • Ten quiz został rozwiązany 15 razy
  • Średni wynik to 8 z 22
Statystyki odpowiedzi
Prowincja Stolica % Poprawnych
Guangdong Kanton
100%
Syczuan Chengdu
71%
Hubei Wuhan
71%
Junnan Kunming
57%
Shaanxi Xi'an
57%
Zhejiang Hangzhou
43%
Heilongjiang Harbin
43%
Gansu Lanzhou
43%
Hunan Changsha
29%
Fujian Fuzhou
29%
Hajnan Haikou
29%
Anhui Hefei
29%
Jiangxi Nanchang
29%
Jiangsu Nankin
29%
Qinghai Xining
29%
Jilin Changchun
14%
Kuejczou Guiyang
14%
Szantung Jinan
14%
Liaoning Shenyang
14%
Hebei Shijiazhuang
14%
Shanxi Taiyuan
14%
Henan Zhengzhou
14%
Nie znaleziono quizów pasujących do podanych kryteriów
Rozkład punktacji
Procent ludzi z każdym wynikiem
Percentyl według liczby udzielonych odpowiedzi
Twoja historia wyników
Nie rozwiązałeś tego quizu